| 000 | 00662nam a2200241Ia 4500 | ||
|---|---|---|---|
| 003 | OSt | ||
| 005 | 20220916110922.0 | ||
| 006 | a|||||r|||| 00| 0 | ||
| 007 | ta | ||
| 008 | 220915b |||||||| |||| 00| 0 hin d | ||
| 024 | _a170303 | ||
| 037 | _cTextbook | ||
| 040 |
_bhin _aARTS _cARTS |
||
| 041 | _ahin | ||
| 082 | _aO152,2M971,SV, H9 | ||
| 100 | _aभट्ट, उदय शंकर | ||
| 245 | 0 | _aशक-विजय | |
| 246 | _aShaka-vijaya | ||
| 260 | _c1949 | ||
| 650 | _aहिन्दी साहित्य | ||
| 942 |
_hO152,2M971,SV, H9 _cTB _2CC |
||
| 999 |
_c101385 _d101385 |
||